All Wisconsin High School Basketball Teams - Statistics

General Stats
  • This quiz has been taken 24 times
  • The average score is 121 of 490
Answer Stats
Mascot Team % Correct
Patriots Appleton East
74%
Oredockers Ashland
74%
Lightning Appleton North
68%
Terrors Appleton West
68%
Golden Beavers Beaver Dam
63%
Cardinals Chippewa Falls
58%
Purgolders Madison East
58%
Regents Madison West
58%
Timberwolves Tomah
58%
Wildcats Verona
58%
Falcons Abbotsford
53%
Warhawks Arrowhead
53%
Old Abes Eau Claire Memorial
53%
Red Devils Green Bay East
53%
Wildcats Green Bay West
53%
Galloping Ghosts Kaukauna
53%
Cardinals Middleton
53%
Spartans Sparta
53%
Spartans Superior
53%
Purple Raiders Two Rivers
53%
Chieftains Wisconsin Dells
53%
Jaguars Ashwaubenon
47%
Golden Bears Barron
47%
Tigers Chilton
47%
Redbirds De Pere
47%
Huskies Eau Claire North
47%
Orioles Hartford
47%
Raiders Hudson
47%
Papermakers Kimberly
47%
Lions Lomira
47%
Phoenix Menomonee Falls
47%
Mustangs Menomonie
47%
Raccoons Oconomowoc
47%
Hilltoppers Onalaska
47%
Spartans Oshkosh North
47%
Wildcats Oshkosh West
47%
Hillmen Platteville
47%
Warriors Portage
47%
Red Raiders Pulaski
47%
Beavers Reedsburg
47%
Tigers Ripon
47%
Golden Raiders Sheboygan North
47%
Redwings Sheboygan South
47%
Cardinals Sun Prairie East
47%
Wolves Sun Prairie West
47%
Goslings Watertown
47%
Blackshirts Waukesha South
47%
Wolverines Waukesha West
47%
Warriors Waunakee
47%
Lumberjacks Wausau East
47%
Warriors Wausau West
47%
Red Robins Antigo
42%
Thunderbirds Baraboo
42%
Indians Berlin
42%
Cardinals Fond du Lac
42%
Irish Freedom
42%
Lasers Kettle Moraine
42%
Raiders Kiel
42%
Riverhawks La Crosse Central
42%
Lumberjacks Ladysmith
42%
Blue Devils Lodi
42%
Spartans Madison Memorial
42%
Marines Marinette
42%
Hilltoppers Marquette
42%
Bluejays Menasha
42%
Rockets Neenah
42%
Orioles North Fond du Lac
42%
Panthers Oregon
42%
Hodags Rhinelander
42%
Warriors Rice Lake
42%
Panthers SPASH
42%
Clippers Sturgeon Bay
42%
Northstars Waukesha North
42%
Comets Waupaca
42%
Suns West Bend East
42%
Spartans West Bend West
42%
Whippets Whitewater
42%
Tigers Wrightstown
42%
Green Devils Adams-Friendship
37%
Wolves Algoma
37%
Eagles Alma/Pepin
37%
Railroaders Altoona
37%
Warriors Amery
37%
Trollers Bayfield
37%
Tigers Black River Falls
37%
Spartans Brookfield East
37%
Rockets Cedar Grove-Belgium
37%
Cardinals Columbus
37%
Packers Cudahy
37%
Norskies DeForest
37%
Vikings Denmark
37%
Blackhawks Grafton
37%
Trojans Green Bay Southwest
37%
Polar Bears Hortonville
37%
Cougars Janesville Craig
37%
Trojans Kenosha Tremper
37%
Storm Kewaunee
37%
Rangers La Crosse Logan
37%
L-Cats Lake Mills
37%
Mustangs Little Chute
37%
Spartans Luxemburg-Casco
37%
Ships Manitowoc Lincoln
37%
Tigers Marshfield
37%
Spartans McFarland
37%
Bluejays Merrill
37%
Cheesemakers Monroe
37%
Warriors Muskego
37%
Huskies New Holstein
37%
Knights Oak Creek
37%
Foxes Omro
37%
Blackhawks Prairie du Chien
37%
Tigersharks Princeton/Green Lake
37%
Wildcats River Falls
37%
Thunder Seymour
37%
Owls Slinger
37%
Rails Spooner
37%
Orioles Stanley-Boyd
37%
Vikings Stoughton
37%
Hatchets Tomahawk
37%
Warriors Waupun
37%
Dukes Whitefish Bay
37%
Falcons Amherst
32%
Blugolds Aquinas
32%
Pirates Bay Port
32%
Lions Brillion
32%
Lancers Brookfield Central
32%
Falcons Brown Deer
32%
Demons Burlington
32%
Bulldogs Cedarburg
32%
Dodgers Dodgeville
32%
Wildcats Edgar
32%
Blackhawks Fort Atkinson
32%
Foxes Fox Valley Lutheran
32%
Sabers Franklin
32%
Hornets Green Bay Preble
32%
Panthers Greendale
32%
Wolves Hilbert
32%
Vikings Holmen
32%
Tigers Howards Grove
32%
Hawks Kenosha Indian Trail
32%
Blue Bombers Kohler
32%
Lancers Madison La Follette
32%
Lancers Manitowoc Lutheran
32%
Golden Eagles Mauston
32%
Cardinals Milwaukee South
32%
Hilltoppers Montello
32%
Indians Mosinee
32%
Knights Nicolet
32%
Tigers Northwestern
32%
Oaks Oakfield
32%
Flying Dutchmen Oostburg
32%
Warriors Ozaukee
32%
Bulldogs Pardeeville
32%
Panthers Plymouth
32%
Rams Random Lake
32%
Falcons Sheboygan Falls
32%
Crusaders Sheboygan Lutheran
32%
Dragons Siren
32%
Eagles Solon Springs
32%
Castle Guards Washburn
32%
Hornets Wautoma
32%
Red Raiders Wauwatosa East
32%
Trojans Wauwatosa West
32%
Phantoms West De Pere
32%
Vikings Wisconsin Lutheran
32%
Hawks Xavier
32%
Challengers Abundant Life Christian
26%
Comets Albany
26%
Eagles Almond-Bancroft
26%
Raiders Arcadia
26%
Badgers Badger
26%
Golden Eagles Barneveld
26%
Braves Belmont
26%
Purple Knights Beloit Memorial
26%
Blackhawks Bloomer
26%
Hilltoppers Cambria-Friesland
26%
Comets Cassville
26%
Hornets Colby
26%
Vikings Colfax
26%
Cubans Cuba City
26%
Evergreens D.C. Everest
26%
Demons Deerfield
26%
Trojans Dodgeland
26%
Trojans East Troy
26%
Crusaders Edgewood
26%
Bobcats Florence
26%
Warhawks Germantown
26%
Vikings Gibraltar
26%
Pirates Gilman
26%
Pirates Grantsburg
26%
Hustlin Hawks Greenfield
26%
Hurricanes Hayward
26%
Vikings Janesville Parker
26%
Red Devils Kenosha Bradford
26%
Chargers Kettle Moraine Lutheran
26%
Warriors Lakeside Lutheran
26%
Greyhounds Loyal
26%
Red Raiders Marathon
26%
Mustangs Marion
26%
Redhawks Milton
26%
Novas Milwaukee Academy of Science
26%
Pioneers Milwaukee Juneau
26%
Generals Milwaukee King
26%
Silver Eagles Monona Grove
26%
Vikings Mount Horeb
26%
Indians Mukwonago
26%
Papermakers Nekoosa
26%
Glarner Knights New Glarus
26%
Rockets New Lisbon
26%
Bulldogs New London
26%
Tigers New Richmond
26%
Tritons Notre Dame
26%
Blue Devils Oconto
26%
Panthers Oconto Falls
26%
Pirates Pewaukee
26%
Knights Phelps
26%
Loggers Phillips
26%
Pumas Poynette
26%
Eagles Racine Case
26%
Rockets Randolph
26%
Pioneers Sevastopol
26%
Hawks Shawano
26%
Eagles Sheboygan Christian
26%
Greyhounds Shorewood
26%
Eagles Southern Door
26%
Rockets South Milwaukee
26%
Cardinals South Shore
26%
Rangers Wausaukee
26%
Tigers Webster
26%
Silver Eagles Weston
26%
Warhawks Weyauwega-Fremont
26%
Wolves Winneconne
26%
Vanguards Wisconsin Heights
26%
Red Raiders Wisconsin Rapids Lincoln
26%
Orioles Argyle
21%
Bluejays Athens
21%
Beavers Augusta
21%
Cardinals Bangor
21%
Wildcats Belleville
21%
Warriors Black Hawk
21%
Midgets Butternut
21%
Hornets Cadott
21%
Comets Cameron
21%
Cougars Campbellsport
21%
Crusaders Catholic Memorial
21%
Crusaders Central Wisconsin Christian
21%
Cougars Clinton
21%
Pirates Cochrane-Fountain City
21%
Cougars Coleman
21%
Wolverines Crivitz
21%
Beavers Cumberland
21%
Redbirds Darlington
21%
Knights Dominican
21%
Lumberjacks & Lumberjills Drummond
21%
Resorters Elkhart Lake-Glenbeulah
21%
Crickets Fall Creek
21%
Golden Eagles Fennimore
21%
Blazers Green Bay NEW Lutheran
21%
Tigers Hillsboro
21%
Northstars Hurley
21%
Bulldogs Ithaca
21%
Lancers Kenosha St. Joseph
21%
Panthers Kickapoo
21%
Spartans Laconia
21%
Wildcats La Farge
21%
Thunderbirds Lakeland
21%
Flying Arrows Lancaster
21%
Wildcats Lena
21%
Hornets Markesan
21%
Cardinals Marshall
21%
Spartans Martin Luther
21%
Cardinals Mayville
21%
Granite Diggers Mellen
21%
Red Knights Milwaukee Lutheran
21%
Blue Devils Milwaukee North
21%
Rams Milwaukee Pulaski
21%
Huskies Milwaukee Reagan
21%
Pointers Mineral Point
21%
Ponies Monticello
21%
Warriors Neillsville
21%
Badgers Niagara
21%
Eagles Northland Pines
21%
Bulldogs Peshtigo
21%
Chieftains Potosi
21%
Rebels Racine Horlick
21%
Panthers Reedsville
21%
Redmen Rib Lake
21%
Hornets Richland Center
21%
Vikings Rio
21%
Chieftains Riverdale
21%
Timberwolves River Ridge
21%
Blackhawks River Valley
21%
Jets Roncalli
21%
Panthers Royall
21%
Saints Saint Croix Falls
21%
Mariners Saint Francis
21%
Zaphyrs Saint Mary Catholic
21%
Ledgers Saint Mary's Springs
21%
Lakers Shell Lake
21%
Chiefs Shiocton
21%
Rockets Spencer
21%
Tigers Stratford
21%
Tigers Tigerton
21%
Trojans Turner
21%
Lakers Turtle Lake
21%
Vikings Valders
21%
Blackhawks Viroqua
21%
Wolverines Waterford
21%
Panthers West Salem
21%
Falcons Whitnall
21%
Vikings Winnebago Lutheran
21%
Wolves Wonewoc-Center
21%
Royals Assumption
16%
Blackhawks Baldwin-Woodville
16%
Zephyrs Benton
16%
Wildcats Blair-Taylor
16%
Bears Bonduel
16%
Bulldogs Boyceville
16%
Blue Knights Brookfield Academy
16%
Bluejays Cambridge
16%
Bulldogs Chetek-Weyerhaeuser
16%
Warriors Clear Lake
16%
Truckers Clintonville
16%
Dons Columbus Catholic
16%
Cardinals Crandon
16%
Comets Delavan-Darien
16%
Pirates De Soto
16%
Elks Elkhorn
16%
Mounders Elk Mound
16%
Panthers Ellsworth
16%
Blue Devils Evansville
16%
Pirates Fall River
16%
Indians Greenwood
16%
Cardinals Highland
16%
Highlanders Homestead
16%
Marshmen Horicon
16%
Falcons Hustisford
16%
Indees Independence/Gilmanton
16%
Thunderbirds Iola-Scandinavia
16%
Bluejays Johnson Creek
16%
Indians Kewaskum
16%
Knights Lourdes Academy
16%
Cardinals Luck
16%
Prairie Hawks Madison Country Day
16%
Wolves Manawa
16%
Raiders Medford
16%
Mustangs Melrose-Mindoro
16%
Tigers Mercer
16%
Redcats Milwaukee Bay View
16%
Trojans Milwaukee Bradley Tech
16%
Wildcats Milwaukee Hamilton
16%
Purgolders Milwaukee Washington
16%
Buffaloes Mondovi
16%
Cardinals Necedah
16%
Trojans New Auburn
16%
Lions New Berlin Eisenhower
16%
Vikings New Berlin West
16%
Fighting Cardinals Newman Catholic
16%
Trojans North Crawford
16%
Cougars Obama SCTE
16%
Thunder Osseo-Fairchild
16%
Cardinals Pacelli
16%
Vikings Pecatonica
16%
Panthers Pittsville
16%
Wolves Plum City/Elmwood
16%
Pirates Port Washington
16%
Panthers Prairie Farm
16%
Crusaders Racine Lutheran
16%
Panthers Racine Park
16%
Angels Racine St. Catherine's
16%
Ramblers Regis
16%
Panthers Saint Croix Central
16%
Eagles Sauk Prairie
16%
Royals Seneca
16%
Miners Shullsburg
16%
Cardinals Spring Valley
16%
Indians Stockbridge
16%
Chargers Sussex Hamilton
16%
Cardinals Thorp
16%
Bluejays Three Lakes
16%
Penguins Tri-County
16%
Rebels Wabeno/Laona
16%
Bucks Washington Island
16%
Pirates Waterloo
16%
Phoenix Watertown Luther Prep
16%
Hornets Wauzeka-Steuben
16%
Bulldogs West Allis Central
16%
Norsemen Westby
16%
Pioneers Westfield
16%
Norse Whitehall
16%
Chargers Wittenberg-Birnamwood
16%
Hornets Alma Center Lincoln
11%
Chiefs Big Foot
11%
Bulldogs Boscobel
11%
Cardinals Brodhead
11%
Falcons Brookwood
11%
Red Raiders Bruce
11%
Eagles Carmen Northwest
11%
Eagles Cashton
11%
Screaming Eagles Chequamegon
11%
Chiefs Cornell
11%
Panthers Durand-Arkansaw
11%
Warriors Eastbrook Academy
11%
Lancers Eau Claire Immanuel Lutheran
11%
Crimson Tide Edgerton
11%
Cardinals Eleva-Strum
11%
Red Hawks Gale-Ettrick-Trempealeau
11%
Patriots Goodman/Pembine
11%
Panthers Iowa-Grant
11%
Eagles Jefferson
11%
Eagles Kenosha Christian Life
11%
Knights Luther
11%
Bishops Messmer
11%
Knights Milwaukee Madison
11%
Eagles Milwaukee Marshall
11%
Vikings Milwaukee Vincent
11%
Indians Mishicot
11%
Chieftains Osceola
11%
Blackhawks Owen-Withee
11%
Panthers Palmyra-Eagle
11%
Vikings Parkview
11%
Popes Pius XI Catholic
11%
Cardinals Prescott
11%
Cavaliers Saint Thomas Aquinas
11%
Cavaliers Saint Thomas More
11%
Stars Salam
11%
Pacers Shoreland Lutheran
11%
Spartans Somerset
11%
Wildcats Southwestern
11%
Broncos Union Grove
11%
Eagles Unity
11%
Huskies West Allis Hale
11%
Falcons Westosha Central
11%
Wildcats Wild Rose
11%
Panthers Wilmot Union
11%
Eagles Auburndale
5%
Bobcats Birchwood
5%
Panthers Bowler
5%
Bears Clayton
5%
Hornets Elcho
5%
Falcons Flambeau
5%
Vikings Frederic
5%
Hilltoppers Glenwood City
5%
Patriots Heritage Christian
5%
Panthers Juda
5%
Eagles Lac Courte Oreilles
5%
Chieftains Lake Holcombe
5%
Timberwolves Living Word Lutheran
5%
Macks McDonell Central Catholic
5%
Eagles Menominee Indian
5%
Crimson Stars Milwaukee Arts
5%
Tigers Milwaukee Riverside
5%
Hawks Milwaukee School of Languages
5%
Wildcats Northland Lutheran
5%
Blackhawks Port Edwards
5%
Buccaneers Prentice
5%
Hornets Rosholt
5%
Hilltoppers Saint Lawrence Seminary
5%
Guardians St. Ambrose
5%
Titans Tenor/Veritas
5%
Lakers University Lake/Trinity
5%
Wildcats University School
5%
Warriors Valley Christian
5%
Big Red Wayland Academy
5%
Lakers White Lake
5%
Bulldogs Williams Bay
5%
Warriors Winter
5%
Hilltoppers Catholic Central
0%
Knights Chesterton Academy
0%
Trailblazers Cristo Rey Jesuit
0%
Eagles Destiny
0%
Lions Dr. Howard Fuller Collegiate Academy
0%
Eagles Faith Christian
0%
Tigers Gillett
0%
Wildcats Gresham
0%
Doves Hmong American Peace Academy
0%
Wolves Kingdom Prep Lutheran
0%
Sentinels Lake Country Classical Academy
0%
Lake Country Lutheran Lightning
0%
Cardinals Milwaukee Audubon Technology
0%
Owls Milwaukee Golda Meir
0%
Wizards Milwaukee Lifelond Learning
0%
Evergreens Northwood
0%
Thunderhawks Oneida Nation
0%
Roman Legion Saint Anthony
0%
Lancers Saint John's Northwestern Academies
0%
Lions St. Augustine Prep
0%
Eagles Suring
0%
Hawks The Prairie School
0%
Eagles Young Coggs
0%
No matching quizzes found
Score Distribution
Percent of People with Each Score
Percentile by Number Answered
Your Score History
You have not taken this quiz